00321nam a2200121Ia 4500008004100000041000800041082001400049100002000063245003900083260004400122300002400166365000900190240624s9999 xx 000 0 und d aeng a332.6 FAB aFABOZZI FRANK J aCREDIT UNION INVESTMENT MANAGEMENT c1997aPennsylvaniabJohn Wiley and Sons a241 : p. : cm. ; 24 cb30